Music Quiz

Random Music or Song Quiz

Rolling Stone's Best Beatles Songs - Opening Lyrics Quiz Stats

 Plays Quiz Updated Feb 21, 2020

Support Sporcle.
Go Orange.
Score 0/205 Timer 15:00
3 Plays Today
% Correct
I
98.8%
I
98.8%
I
98.8%
I
98.8%
I
98.8%
I
98.8%
I
98.8%
I
98.8%
I
98.8%
I
98.8%
I
98.8%
a
98%
a
98%
I
97.7%
to
96.4%
to
96.4%
to
96.4%
to
96.4%
to
96.4%
to
96.4%
to
96.4%
the
95.9%
the
95.9%
the
95.9%
the
95.9%
the
95.9%
you
95.8%
you
95.8%
you
95.8%
Yesterday,
95.8%
yesterday.
95.8%
yesterday
95.8%
so
95.5%
my
95.1%
my
95.1%
my
95.1%
all
93.9%
all
93.9%
all
93.9%
all
93.9%
All
93.9%
all.
93.9%
wanna
93.7%
wanna
93.7%
wanna
93.7%
hold
93.5%
hold
93.5%
hold
93.5%
away.
93.4%
hand.
93.4%
hand.
93.4%
hand.
93.4%
your
93.4%
your
93.4%
your
93.4%
see.
93.3%
in
93.3%
In
93.3%
far
93.3%
me
93.2%
me.
93.2%
me.
93.2%
be
92.7%
be.
92.7%
troubles
92.5%
oh
92.3%
Oh,
92.3%
Oh
92.3%
Oh,
92.3%
% Correct
seemed
90.9%
for
89.2%
believe
89.1%
not
88.1%
not
88.1%
Now
88%
Strawberry
87.5%
Strawberry
87.5%
Fields.
87.5%
Fields
87.5%
I'm
87.2%
I'm
87.2%
forever.
87.2%
forever
87.2%
And
87%
and
87%
and
87%
and
87%
and
87%
man
86.9%
man
86.9%
it
86.8%
It
86.8%
it
86.8%
some
86.3%
Some
86.3%
Some
86.3%
some
86.3%
Some
86.3%
some
86.3%
stay.
85.5%
There
85.3%
here
85%
life,
84.9%
life
84.9%
though
84.1%
though
84.1%
though
84.1%
used
83.4%
Suddenly,
81.8%
suddenly.
81.8%
as
81.2%
something
81%
something
81%
half
80.4%
tell
80.1%
is
79.9%
is
79.9%
they're
79.6%
had
78.9%
understand
78.7%
over
77.5%
about
77.1%
about.
77.1%
came
77%
you'll
76.9%
think
76.7%
that
76.6%
going
76.5%
are
76.2%
are
76.2%
are
76.2%
There's
75.4%
looks
75.2%
Let
75.1%
take
74.8%
hanging
74.2%
shadow
74%
down,
73.4%
% Correct
was
72.9%
Nothing
72.8%
nothing
72.8%
when
72.3%
real
71.9%
today,
71.4%
have
71.2%
have
71.2%
news
70.3%
news
70.3%
get
70.2%
'cause
70.1%
say
70.1%
boy
69.9%
I'll
69.8%
who
69.2%
read
68.9%
yeah,
68.8%
remember
67.5%
had
66.8%
places
66.2%
places
66.2%
with
65.8%
with
65.8%
gone
64.7%
sad,
64.7%
Living
64.4%
living.
64.4%
them
63.1%
hung
62.2%
changed.
62.1%
just
62%
these
61.9%
easy
61.5%
made
61.4%
rather
61.3%
remain.
60.5%
I've
60.3%
their
59.9%
loved
59.7%
saw
59.2%
can
59.1%
grade.
59%
better.
58.7%
lucky
57.6%
eyes
57%
closed
55.7%
but
55.7%
well
55.5%
dead
55.3%
laugh.
55.3%
friends
51.6%
moments
50.6%
photograph.
50.5%
It's
49.3%
still
48.8%
much
48.3%
lovers
48.2%
recall.
48.1%
doesn't
48%
out.
47.9%
matter
47%
misunderstanding
45.2%
works
43.3%
hard
40%
someone
35.4%
getting
34.3%

From the Vault

Commercial Animals

by slipkid

Some animals these days are really workaholics.
Remove Ads.
Support Sporcle.
Get the best of Sporcle when you Go Orange. This ad-free experience offers more features, more stats, and more fun while also helping to support Sporcle. Thank you for becoming a member.

Show Comments

Extras

Top Quizzes Today


Score Distribution

Your Account Isn't Verified!

In order to create a playlist on Sporcle, you need to verify the email address you used during registration. Go to your Sporcle Settings to finish the process.

Report this User

Report this user for behavior that violates our Community Guidelines.

Details: